000 00306nam a2200121Ia 4500
008 220204s9999 xx 000 0 und d
082 _a57.087.1
_bSOK
100 _aSokal, Robert R
245 0 _aIntroduction to biostatistics
260 _aTokyo
_bFreeman &Co
_c1969
650 _aBiostatistics
942 _cBK
999 _c27122
_d27122